书目信息 |
| 题名: |
家里的海洋
|
|
| 作者: | 布龙内尔 著 ;李世隆 译 | |
| 分册: | ||
| 出版信息: | 南京 江苏教育出版社 2006 |
|
| 页数: | 156页 | |
| 开本: | 21cm | |
| 丛书名: | ||
| 单 册: | ||
| 中图分类: | S965.8 | |
| 科图分类: | ||
| 主题词: | 水族箱--基本知识 , 水族馆--基本知识 , 水族箱 , 水族馆 | |
| 电子资源: | ||
| ISBN: | 7-5343-7331-X | |
| 000 | 01266nam0 2200301 450 | |
| 001 | 1533059160 | |
| 005 | 20150130091115.15 | |
| 010 | @a7-5343-7331-X@b精装@dCNY25.80 | |
| 100 | @a20060809d2006 em y0chiy50 ea | |
| 101 | 1 | @achi@cger |
| 102 | @aCN@b320000 | |
| 105 | @aa z 000yy | |
| 200 | 1 | @a家里的海洋@9jia li de hai yang@e水族馆发明史@f(德)布龙内尔(Bernd Brunner)著@g李世隆译 |
| 210 | @a南京@c江苏教育出版社@d2006 | |
| 215 | @a156页@c图@d21cm | |
| 312 | @a封面及书脊德文题名:Wie das Meer nach Hause kam: die Erfindung des Aquariums | |
| 330 | @a本书用文化的、社会的视角探索了水族箱的发展轨迹。讲述了水族箱从最初作为科学观察工具的简陋外形,到维多利亚时代为满足对海洋的好奇心而作为居室的精巧装饰,再到公众水族馆的演变历程。本书撷取许多趣闻逸事,百余幅19世纪的版画、印刷品图案让你有置身于维多利亚时代的感觉。。 | |
| 510 | 1 | @aWie das Meer nach Hause kam@edie Erfindung des Aquariums@zger |
| 517 | 1 | @a水族馆发明史@9shui zu guan fa ming shi |
| 606 | 0 | @a水族箱@x基本知识 |
| 606 | 0 | @a水族馆@x基本知识 |
| 606 | 0 | @a水族箱 |
| 606 | 0 | @a水族馆 |
| 690 | @aS965.8@v5 | |
| 701 | 0 | @c(德)@a布龙内尔@9bu long nei er@c(Brunner, Bernd@f1964~)@4著 |
| 702 | 0 | @a李世隆@9li shi long@4译 |
| 801 | 0 | @aCN@bTSSF@c20150130 |
| 905 | @aZUCC@dS965.8@eJY68 | |
| 家里的海洋:水族馆发明史/(德)布龙内尔(Bernd Brunner)著/李世隆译.-南京:江苏教育出版社,2006 |
| 156页:图;21cm |
| ISBN 7-5343-7331-X(精装):CNY25.80 |
| 本书用文化的、社会的视角探索了水族箱的发展轨迹。讲述了水族箱从最初作为科学观察工具的简陋外形,到维多利亚时代为满足对海洋的好奇心而作为居室的精巧装饰,再到公众水族馆的演变历程。本书撷取许多趣闻逸事,百余幅19世纪的版画、印刷品图案让你有置身于维多利亚时代的感觉。。 |
| ● |
| 相关链接 |
|
|
|
|
正题名:家里的海洋
索取号:S965.8/JY68
 
预约/预借
| 序号 | 登录号 | 条形码 | 馆藏地/架位号 | 状态 | 备注 |
| 1 | 7862081 | 278620814 | 学院路分馆/ [索取号:S965.8/JY68] | 在馆 | |
| 2 | 7862082 | 278620823 | 学院路分馆/ [索取号:S965.8/JY68] | 在馆 |